تحميل...

Drama & society in the age of Jonson

التفاصيل البيبلوغرافية
المؤلف الرئيسي: Knights, L. C
التنسيق: Printed Book
اللغة:English
منشور في: London : Chatto & Windus , c1968 .
LEADER 00470nam a22001337a 4500
008 161214b xxu||||| |||| 00| 0 eng d
082 |a 822.30 KNI/D 
100 |a Knights, L. C 
245 |a  Drama & society in the age of Jonson  
260 |a London :  |b Chatto & Windus ,  |c c1968 . 
300 |a 346p 
942 |c BK 
999 |c 194833  |d 194833 
952 |0 0  |1 0  |4 0  |6 822_009000000000000_KNI_D  |7 0  |9 215185  |a ENG  |b ENG  |c ST1  |d 2016-12-14  |i 0000  |l 0  |o 822.009 KNI/D  |p ENG0000  |r 2016-12-14  |w 2016-12-14  |y BK